000 01626cam a2200349 i 4500
999 _c9186
_d9186
001 19201556
003 GZU
005 20210607150148.0
008 160802s2017 enk b 001 0 eng
010 _a 2016035259
020 _a9781138779112 (hbk)
020 _z9781315769493 (ebk)
040 _aDLC
_beng
_cDLC
_erda
042 _apcc
050 0 0 _aK3240
_b.C695 2017
082 0 0 _a323.071
_223
100 1 _aCoysh, Joanne,
_eauthor.
245 1 0 _aHuman rights education and the politics of knowledge /
_cJoanne Coysh.
264 1 _aMilton Park, Abingdon, Oxon ;
_aNew York, NY :
_bRoutledge,
_c2017.
300 _aviii, 201 pages ;
_c24 cm.
336 _atext
_btxt
_2rdacontent
337 _aunmediated
_bn
_2rdamedia
338 _avolume
_bnc
_2rdacarrier
490 0 _aRoutledge research in human rights law
504 _aIncludes bibliographical references (pages 181-194) and index.
505 0 _aIntroduction : HRE, the politics of knowledge and social transformation -- Navigating the field : orientations in human rights education -- A global discourse of human rights education -- Human rights education scholarship -- Case study : human rights education in Tanzania -- The dominant discourse : human rights education as cultural translation -- Conclusion : learning from the edge : towards HRE as transformative praxis.
650 0 _aHuman rights
_xStudy and teaching.
650 0 _aNon-governmental organizations.
906 _a7
_bcbc
_corignew
_d1
_eecip
_f20
_gy-gencatlg
942 _2lcc
_cBK
_h3240
_iCOY
_kK
_m2017